Chiapas: riqueza, pobreza y una rebeldía zapatista /
Na minha lista:
| Autor principal: | |
|---|---|
| Formato: | Texto |
| Assuntos: | |
| Tags: |
Adicionar Tag
Sem tags, seja o primeiro a adicionar uma tag!
|
MARC
| LEADER | 00000 a a2200000 04500 | ||
|---|---|---|---|
| 001 | 45899 | ||
| 003 | |||
| 040 | |||
| 100 | |a Cruz Castellanos, Federico | ||
| 245 | |a Chiapas: |b riqueza, pobreza y una rebeldía zapatista / |c Federico Cruz Castellanos | ||
| 650 | |a MEXICO | ||
| 650 | |a ECONOMIA | ||
| 773 | |g número72 (1994), páginas 16-19 | ||
| 999 | |c 22715 |d 22715 | ||
